<?xml version="1.0" encoding="UTF-8"?><?xml-stylesheet type="text/xsl" href="static/style.xsl"?><OAI-PMH xmlns="http://www.openarchives.org/OAI/2.0/" xmlns:xsi="http://www.w3.org/2001/XMLSchema-instance" xsi:schemaLocation="http://www.openarchives.org/OAI/2.0/ http://www.openarchives.org/OAI/2.0/OAI-PMH.xsd"><responseDate>2026-04-17T02:06:36Z</responseDate><request verb="GetRecord" identifier="oai:www.recercat.cat:2072/399878" metadataPrefix="marc">https://recercat.cat/oai/request</request><GetRecord><record><header><identifier>oai:recercat.cat:2072/399878</identifier><datestamp>2026-04-04T23:23:01Z</datestamp><setSpec>com_2072_98</setSpec><setSpec>col_2072_378192</setSpec></header><metadata><record xmlns="http://www.loc.gov/MARC21/slim" xmlns:dcterms="http://purl.org/dc/terms/" xmlns:xsi="http://www.w3.org/2001/XMLSchema-instance" xmlns:doc="http://www.lyncode.com/xoai" xsi:schemaLocation="http://www.loc.gov/MARC21/slim http://www.loc.gov/standards/marcxml/schema/MARC21slim.xsd">
   <leader>00925njm 22002777a 4500</leader>
   <datafield ind2=" " ind1=" " tag="042">
      <subfield code="a">dc</subfield>
   </datafield>
   <datafield ind2=" " ind1=" " tag="720">
      <subfield code="a">López-Sánchez, Manuel</subfield>
      <subfield code="e">author</subfield>
   </datafield>
   <datafield ind2=" " ind1=" " tag="720">
      <subfield code="a">Jiménez Torres, Manuel G.</subfield>
      <subfield code="e">author</subfield>
   </datafield>
   <datafield ind2=" " ind1=" " tag="720">
      <subfield code="a">Guerrero Ramos, Daniel</subfield>
      <subfield code="e">author</subfield>
   </datafield>
   <datafield ind2=" " ind1=" " tag="260">
      <subfield code="c">2013</subfield>
   </datafield>
   <datafield ind2=" " ind1=" " tag="520">
      <subfield code="a">Se ha estudiado la relación entre el bienestar y la adaptación en una muestra de 245 estudiantes de enseñanza secundaria. Utilizamos la escala de bienestar psicológico (EBP) y el inventario de adaptación de conducta (IAC). Los resultados revelan diferencias significativas en bienestar psicológico en función del nivel de adaptación, pero no en función del género ni de la edad. Se ha obtenido una alta correlación entre el bienestar psicológico y la adaptación global, personal, familiar, escolar y social. También se ha comprobado que el bienestar psicológico puede ser explicado a partir de la adaptación escolar y la adaptación social. Dentro del marco de la escuela salugénica, se concluye la necesidad de mejorar la adaptación de los escolares en los ámbitos anteriores, de cara a mejorar el bienestar personal y avanzar en el proceso de inclusión académica.</subfield>
   </datafield>
   <datafield ind2=" " ind1=" " tag="520">
      <subfield code="a">S'ha estudiat la relació entre el benestar i l'adaptació en una mostra de 245 estudiants d'ensenyament secundari. Utilitzem l'escala de benestar psicològic (EBP) i l'inventari d'adaptació de conducta (IAC). Els resultats revelen diferències significatives en benestar psicològic en funció del nivell d'adaptació, però no en funció del gènere ni de l'edat. S'ha obtingut una alta correlació entre el benestar psicològic i l'adaptació global, personal, familiar, escolar i social. També s'ha comprovat que el benestar psicològic pot ser explicat a partir de l'adaptació escolar i l'adaptació social. Dins el marc de l'escola salugènica, es conclou la necessitat de millorar l'adaptació dels escolars en els àmbits anteriors, de cara a millorar el benestar personal i avançar en el procés d'inclusió escolar.</subfield>
   </datafield>
   <datafield ind2=" " ind1=" " tag="520">
      <subfield code="a">We have studied the relationship between welfare and adaptation in a sample of 245 secondary school. We used the Psychological Well-being Scale (BCS) and the Adaptive Behavior Inventory (IAC). The results reveal significant differences in psychological wellbeing based on the level of adaptation, but not by gender or age. There have been a high correlation between psychological well-being and global adaptation, personal, family, school and social. Also the psychological well-being can be explained from the school adjustment and social adaptation. Within the framework of the school salugénica concluded the need to improve the adaptation of schoolchildren in the above areas in order to improve staff welfare and advance the process of school inclusion.</subfield>
   </datafield>
   <datafield tag="653" ind2=" " ind1=" ">
      <subfield code="a">Bienestar psicológico</subfield>
   </datafield>
   <datafield tag="653" ind2=" " ind1=" ">
      <subfield code="a">Adaptación escolar</subfield>
   </datafield>
   <datafield tag="653" ind2=" " ind1=" ">
      <subfield code="a">Adaptación social</subfield>
   </datafield>
   <datafield tag="653" ind2=" " ind1=" ">
      <subfield code="a">Adaptación personal</subfield>
   </datafield>
   <datafield tag="653" ind2=" " ind1=" ">
      <subfield code="a">Adaptación familiar</subfield>
   </datafield>
   <datafield tag="653" ind2=" " ind1=" ">
      <subfield code="a">Escuela salugénica</subfield>
   </datafield>
   <datafield tag="653" ind2=" " ind1=" ">
      <subfield code="a">Benestar psicològic</subfield>
   </datafield>
   <datafield tag="653" ind2=" " ind1=" ">
      <subfield code="a">Adaptació escolar</subfield>
   </datafield>
   <datafield tag="653" ind2=" " ind1=" ">
      <subfield code="a">Adaptació social</subfield>
   </datafield>
   <datafield tag="653" ind2=" " ind1=" ">
      <subfield code="a">Adaptació personal</subfield>
   </datafield>
   <datafield tag="653" ind2=" " ind1=" ">
      <subfield code="a">Adaptació familiar</subfield>
   </datafield>
   <datafield tag="653" ind2=" " ind1=" ">
      <subfield code="a">Escola salugènica</subfield>
   </datafield>
   <datafield tag="653" ind2=" " ind1=" ">
      <subfield code="a">Psychological well-being</subfield>
   </datafield>
   <datafield tag="653" ind2=" " ind1=" ">
      <subfield code="a">School adjustment</subfield>
   </datafield>
   <datafield tag="653" ind2=" " ind1=" ">
      <subfield code="a">Social adjustment</subfield>
   </datafield>
   <datafield tag="653" ind2=" " ind1=" ">
      <subfield code="a">Personal adjustment</subfield>
   </datafield>
   <datafield tag="653" ind2=" " ind1=" ">
      <subfield code="a">Family adjustment</subfield>
   </datafield>
   <datafield tag="653" ind2=" " ind1=" ">
      <subfield code="a">Salugenic school</subfield>
   </datafield>
   <datafield ind2="0" ind1="0" tag="245">
      <subfield code="a">Estudio de la relación entre el bienestar personal y la adaptación de conducta en el marco de la escuela salugénica</subfield>
   </datafield>
</record></metadata></record></GetRecord></OAI-PMH>